Методы инженерно-геологических исследований / ДО 2015: электронный курс
| Hlavní autor: | |
|---|---|
| Korporativní autor: | |
| Shrnutí: | Заглавие с экрана Основной целью курса является овладение студентами теоретическими основами методов и методик получения инженерно-геологической информации и практическими навыками их назначения и выполнения для разных видов строительства и в разных природных условиях. Курс предназначен студентов специальности 21.05.02 "Прикладная геология", специализации «Поиски и разведка подземных вод и инженерно-геологические изыскания» (11 семестр). В курсе рассматриваются система методов получения инженерно-геологической информации и соответствие их этапам инженерно-геологических исследований; основы комплексирования методов при исследованиях для разных видов строительства; теоретические основы методик выполнения изысканий. Доступ по логину и паролю |
| Jazyk: | ruština |
| Vydáno: |
Томск, TPU Moodle, 2020
|
| Témata: | |
| On-line přístup: | https://design.lms.tpu.ru/course/view.php?id=3893 |
| Médium: | Elektronický zdroj Kniha |
| KOHA link: | https://koha.lib.tpu.ru/cgi-bin/koha/opac-detail.pl?biblionumber=665986 |
MARC
| LEADER | 00000nlm0a2200000 4500 | ||
|---|---|---|---|
| 001 | 665986 | ||
| 005 | 20240124163920.0 | ||
| 035 | |a (RuTPU)RU\TPU\network\37190 | ||
| 035 | |a RU\TPU\network\37189 | ||
| 090 | |a 665986 | ||
| 100 | |a 20211125d2020 m y0rusy50 ca | ||
| 101 | 0 | |a rus | |
| 102 | |a RU | ||
| 105 | |a a j 000zy | ||
| 135 | |a jrcn ---uucaa | ||
| 181 | 0 | |a i | |
| 182 | 0 | |a b | |
| 200 | 1 | |a Методы инженерно-геологических исследований / ДО 2015 |e электронный курс |f Н. Н. Бракоренко |g Национальный исследовательский Томский политехнический университет, Инженерная школа природных ресурсов, Отделение геологии | |
| 203 | |a Текст |c электронный | ||
| 210 | |a Томск |c TPU Moodle |d 2020 | ||
| 300 | |a Заглавие с экрана | ||
| 330 | |a Основной целью курса является овладение студентами теоретическими основами методов и методик получения инженерно-геологической информации и практическими навыками их назначения и выполнения для разных видов строительства и в разных природных условиях. Курс предназначен студентов специальности 21.05.02 "Прикладная геология", специализации «Поиски и разведка подземных вод и инженерно-геологические изыскания» (11 семестр). В курсе рассматриваются система методов получения инженерно-геологической информации и соответствие их этапам инженерно-геологических исследований; основы комплексирования методов при исследованиях для разных видов строительства; теоретические основы методик выполнения изысканий. | ||
| 333 | |a Доступ по логину и паролю | ||
| 606 | 1 | |a Инженерно-геологические исследования |2 stltpush |3 (RuTPU)RU\TPU\subj\76834 |9 87639 | |
| 610 | 1 | |a электронный ресурс | |
| 610 | 1 | |a труды учёных ТПУ | |
| 610 | 1 | |a электронное обучение | |
| 610 | 1 | |a электронные курсы ТПУ | |
| 610 | 1 | |a электронные учебные пособия | |
| 610 | 1 | |a учебные пособия | |
| 610 | 1 | |a дистанционное обучение | |
| 610 | 1 | |a полевые методы | |
| 610 | 1 | |a деформационные свойства | |
| 610 | 1 | |a прочностные свойства | |
| 675 | |a 624.131.31(075.8) |v 3 | ||
| 700 | 1 | |a Бракоренко |b Н. Н. |c гидрогеолог |c доцент Томского политехнического университета, кандидат геолого-минералогических наук |f 1981- |g Наталья Николаевна |3 (RuTPU)RU\TPU\pers\27898 |9 12913 | |
| 712 | 0 | 2 | |a Национальный исследовательский Томский политехнический университет |b Инженерная школа природных ресурсов |b Отделение геологии |3 (RuTPU)RU\TPU\col\23542 |
| 801 | 2 | |a RU |b 63413507 |c 20220607 |g RCR | |
| 856 | 4 | |u https://design.lms.tpu.ru/course/view.php?id=3893 | |
| 942 | |c CF | ||